| 000 | 00511nam a22002057a 4500 | ||
|---|---|---|---|
| 003 | OSt | ||
| 005 | 20140310183124.0 | ||
| 008 | 130517t xxu||||| |||| 00| 0 eng d | ||
| 020 | _a9789712356711 | ||
| 050 |
_aQA 154 _b.Sa161 2010 |
||
| 082 |
_aFIL 512 _bS3 2010 |
||
| 245 |
_aCollege algebra _cSalazar, Douglas |
||
| 260 |
_aManila _bREX Book Store _c2010 |
||
| 300 |
_a324 p. _c25 cm |
||
| 521 | _acollege students | ||
| 526 | _c1210L-1700L | ||
| 541 | _j1 | ||
| 562 | _e1 | ||
| 942 |
_2lcc _cBK _kFIL |
||
| 999 |
_c18982 _d18982 |
||